Homosexuality in history /

সংরক্ষণ করুন:
গ্রন্থ-পঞ্জীর বিবরন
প্রধান লেখক: Spencer, Colin (লেখক)
বিন্যাস: গ্রন্থ
ভাষা:ইংরেজি
প্রকাশিত: New York : Harcourt Brace, c1995
ট্যাগগুলো: ট্যাগ যুক্ত করুন
কোনো ট্যাগ নেই, প্রথমজন হিসাবে ট্যাগ করুন!

MARC

LEADER 00000nam a22000007i 4500
001 IT\ICCU\UBO\3122362
003 ItRI
005 20260115231813.0
008 070119s1995 xxu|||||| ||||| |||||c
020 |a 0151002231 
040 |b ita  |c importazione bologna sebina 
041 7 |a eng  |2 ISO-639-2 
100 1 |a Spencer, Colin  |0 IT\ICCU\CFIV\114473  |4 aut 
245 1 0 |a Homosexuality in history /  |c Colin Spencer. 
260 |a New York :  |b Harcourt Brace,  |c c1995 
300 |a 448 p. ;  |c 23 cm. 
942 |2 ddc  |c BK  |n 0 
952 |0 0  |1 0  |4 0  |6 DOC_306_766000000000000_SPE  |7 0  |9 13019  |a BO  |b BO  |d 2026-01-15  |i 10668  |l 0  |o DOC 306.766 SPE  |p BO10668  |r 2026-01-15 23:18:13  |w 2026-01-15  |x [Sebina 5] [1 v.]  |y BK  |z 1 v. 
999 |c 11151  |d 11151